书目信息 |
| 题名: |
首都圈水资源安全保障体系建设
|
|
| 作者: | 阮本清 , 魏传江 著 | |
| 分册: | ||
| 出版信息: | 北京 科学出版社 2004.7 |
|
| 页数: | 321页 | |
| 开本: | 26cm | |
| 丛书名: | ||
| 单 册: | ||
| 中图分类: | TV213.4 | |
| 科图分类: | ||
| 主题词: | 水资源管理--研究--北京市 | |
| 电子资源: | ||
| ISBN: | 7-03-013375-7 | |
| 000 | 00679nam0 2200217 45 | |
| 001 | 012004000000 | |
| 005 | 20050104101713.29 | |
| 010 | @a7-03-013375-7@d55.00CNY | |
| 100 | @a20041110d2004 em y0chiy0121 ea | |
| 101 | 0 | @achi |
| 102 | @aCN@b110000 | |
| 105 | @aak z 000yy | |
| 200 | 1 | @a首都圈水资源安全保障体系建设@Ashou du quan shui zi yuan an quan bao zhang ti xi jian she@f阮本清, 魏传江著 |
| 210 | @a北京@c科学出版社@d2004.7 | |
| 215 | @a321页@c图, 表格@d26cm | |
| 606 | 0 | @a水资源管理@x研究@y北京市 |
| 690 | @aTV213.4@v4 | |
| 701 | 0 | @a阮本清@Aruan ben qing@4著 |
| 701 | 0 | @a魏传江@Awei chuan jiang@4著 |
| 801 | 0 | @aCN@bQSSK@c20050104 |
| 905 | @a10447@dTV213.4@eR850 | |
| 首都圈水资源安全保障体系建设/阮本清, 魏传江著.-北京:科学出版社,2004.7 |
| 321页:图, 表格;26cm |
| ISBN 7-03-013375-7:55.00CNY |
| ● |
| 相关链接 |
|
|
|
正题名:首都圈水资源安全保障体系建设
索取号:TV213.4/R850
 
预约/预借
| 序号 | 登录号 | 条形码 | 馆藏地/架位号 | 状态 | 备注 |
| 1 | 434058 | 204340588 | 自科二线400A/400A自科库 32排2列3层/ [索取号:TV213.4/R850] | 在馆 | |
| 2 | 434059 | 204340597 | 期刊室512/501自科库 47排7列3层/ [索取号:TV213.4/R850] | 在馆 | |
| 3 | 535281 | 205352811 | 自科二线504/504自科库 41排3列1层/ [索取号:TV213.4/R850] | 在馆 | |
| 4 | 535282 | 205352820 | 自科二线400A/400A自科库 32排2列3层/ [索取号:TV213.4/R850] | 在馆 | |
| 5 | 535283 | 205352839 | 自科库501/501自科库 47排7列3层/ [索取号:TV213.4/R850] | 在馆 | |
| 6 | 535284 | 205352848 | 自科库501/501自科库 47排7列3层/ [索取号:TV213.4/R850] | 在馆 |